Normal view
MARC view
Entry Personal Name
001 - CONTROL NUMBER
- control field: 51643
003 - CONTROL NUMBER IDENTIFIER
- control field: dpl
005 - DATE AND TIME OF LATEST TRANSACTION
- control field: 20120828120441.0
008 - FIXED-LENGTH DATA ELEMENTS
- fixed length control field: 120828|||a|||||| | ||| d
040 ## - CATALOGING SOURCE
- Original cataloging agency: dpl
- Transcribing agency: dpl
100 ## - HEADING--PERSONAL NAME
- Personal name: Srivastava, Kamal S.
670 ## - SOURCE DATA FOUND
- Source citation: Work cat.: (dpl): Srivastava, Kamal S., Great Philosophers and Thinkers on Education/, 2011
670 ## - SOURCE DATA FOUND
- Source citation: Work cat.: (dpl): Srivastava, Kamal S., Great Philosophers and Thinkers on Education/, 2011
